000 02068cam a2200493 i 4500
001 4207
003 FISKH
005 20240704145555.0
008 160330t20162016nyu c b 000 1 eng c
010 _a 2016013790
020 _a9780545850957
020 _a9781338129212
040 _aNJQ/DLC
_beng
_cNJQ
_erda
_dDLC
_dDLC
050 _aPZ7.M15655
082 _a813.54
100 1 _aMcDonough, Yona Zeldis,
245 1 4 _aThe bicycle spy /
_cYona Zeldis McDonough.
260 _aNew York :
_bScholastic,
_c2016.
300 _a197 pages ;
_c20 cm
504 _aIncludes bibliographical references.
505 _aP
520 _aTwelve-year-old Marcel loves riding his bicycle, and dreams of competing in the Tour de France, but it is 1942 and German soldiers are everywhere, stopping him as he delivers bread from his parents' bakery around Aucoin--then one day he discovers that it is not just bread he is delivering, and suddenly he finds himself in position of dangerous secrets about his parents and his new friend from Paris, Delphine.
521 8 _a650
_bLexile
521 8 _aP
_bRaz-Plus
650 0 _aWorld War, 1939-1945
_xUnderground movements
_zFrance
_vJuvenile fiction.
650 0 _aSecrecy
_vJuvenile fiction.
650 0 _aFamilies
_zFrance
_vJuvenile fiction.
650 0 _aJews
_zFrance
_xHistory
_y20th century
_vJuvenile fiction.
650 0 _aCycling
_vJuvenile fiction.
650 0 _aAdventure stories.
650 0 _aWar stories.
650 1 _aWorld War, 1939-1945
_xUnderground movements
_zFrance
_vFiction.
650 1 _aSecrets
_vFiction.
650 1 _aFamily life
_zFrance
_vFiction.
650 1 _aJews
_zFrance
_vFiction.
650 1 _aBicycles and bicycling
_vFiction.
650 1 _aAdventure and adventurers
_vFiction.
651 0 _aFrance
_xHistory
_yGerman occupation, 1940-1945
_vJuvenile fiction.
651 1 _aFrance
_xHistory
_yGerman occupation, 1940-1945
_vFiction.
655 7 _aAdventure fiction.
_2gsafd
906 _a7
_bcbc
_corignew
_d1
_eecip
_f20
_gy-gencatlg
942 _2ddc
_cBK
_n0
999 _c4207
_d4207